Ultimate The Dark Crystal Quiz #1 - Statistics

General Stats
  • This quiz has been taken 24 times
  • The average score is 9 of 15
Answer Stats
Question Answer % Correct
What year was Jim Henson's 'The Dark Crystal' released? 1982
96%
Who says, "I found the Shard, but I don't know what to do with it" Jen
91%
Who introduces Jen to the landstriders? Kira
91%
What is the main colour of Chamberlain's robes? (SkekSil) Red
83%
What happens to the Skeksis Emperor when he passes away? He crumbles
78%
After the death of the Skeksis Emperor, SkekUng (The Garthim Master) and SkekSil (The Chamberlain) compete against one another for the throne in which trial? Trial by stone
78%
Who stops the Garthim from capturing Jen and Kira after the Garthim raid the podling village? Chamberlain (SkekSil)
74%
At the end of the film, once the Crystal has been made whole and two made one, what are the beings called that take form? urSkeks
70%
Jen and Kira explore some old gelfling ruins on their journey, what are those ruins called? The Houses of the Old Ones
57%
In the opening sequence which shows the faraway 'Castle of the Crystal' on a gloomy landscape, the narrator says, "1000 years ago, this land was..." - finish the sentence Green and good
52%
What happens to the urSu master when he passes away? He is covered in stars
39%
Which age is 'The Dark Crystal' taking place in? The Age of Wonder
39%
Who was the music by in the 'The Dark Crystal' ? Trevor Jones
35%
skekSo is which Skeksis? Emperor
30%
Towards the end of the film, when the Skeksis are gathering around the Crystal for the Great Conjunction, who initially reveals to the gathering Skeksis that Kira, a gelfling, is in the room with them? Fizzgig
30%
No matching quizzes found
Score Distribution
Percent of People with Each Score
Percentile by Number Answered
Your Score History
You have not taken this quiz